| 000 | 01150nam0a22003371 4500 | ||
|---|---|---|---|
| 001 | v19\rc\1938997 | ||
| 005 | 20251118180809.9 | ||
| 035 | _a(NLR Aleph) 005022760 | ||
| 090 |
_a6606827 _c6606827 |
||
| 100 | _a20080404d1912 |||y0rusy50 ca | ||
| 101 | 1 |
_arus _cger |
|
| 102 | _aRU | ||
| 105 | _ay z ||||| | ||
| 200 | 1 |
_aЧто на дне души таится... _f[Соч.] Д-ра Вильгельма Штекеля (Вена) _gАвториз. пер. с нем. Над. Можаровской _gПод ред. д-ра М.В. Вульфа |
|
| 210 |
_aОдесса _cЖизнь и душа _d1912 |
||
| 215 |
_a135 с. _d21 |
||
| 700 | 1 |
_aШтекель _bВ. _f1868-1940 _gВильгельм |
|
| 702 | 1 |
_aМожировская _bН. _gНадежда _4730 |
|
| 702 | 1 |
_aВульф _bМ. В. _4340 |
|
| 801 | 0 |
_aRU _bNLR _gpsbo |
|
| 801 | 0 |
_aRU _bRuMoRGB _2psbo |
|
| 801 | 1 |
_aRU _bProSoft-M _2rusmarc |
|
| 852 |
_aNLR _j37.37.3.25 |
||
| 852 |
_aNLR _j130/6281 |
||
| 852 |
_aNLR _bМф _jК1/9263 |
||
| 899 |
_aRuMoRGB _jU 93/646 |
||
| 899 |
_aRuMoRGB _jN 7/50 |
||
| 899 |
_aRuMoRGB _j801-85/10133-2 |
||
| 899 | _aБАН | ||
| 942 | _cBOOK | ||
| 980 | _aNB | ||